000 00496nam a2200145 a 4500
001 000029113
005 20200930055335.0
008 110413nuuuuuuuudr a 000 | spa d
040 _aDO-SdBNP
_bspa
_cBNPHU
110 1 _aRepública Dominicana.
_bSecretaría de Estado de Deportes, Educación Física y Recreación
_936997
245 1 0 _aEjercicios básicos de aptitud física para empleados .
260 _a[Santo Domingo] :
_b[s.n.],
_c[19--?].
300 _a32 p. :
_bil. ;
_c22 cm.
049 _aBNPD
999 _c28605
_d28605